00661nam a22002058a 450000500170000000800410001701000170005802000260007503500170010103700150011804000180013308200120015124500760016326000370023927000320027630000230030850000620033150000440039370000180043720091207141857.0090417s2009 ii 000 0 eng  aB-364288-324 a9788183480772c145.00 aB-364288-324 bDBAD / VEN adplbEnglish  a340.076 aJudicial service examination:bsolved papers /cedited by Huma B. Khan  aMeerutbArihant Prakashan c2008 aKalindi, TP Nagar, bMeerut a252p. c24cm(pbk)  aUseful for Judiciary APO & other competitive examinations a6 previous years papers, 6 model papers aHuma B. Khan